| 000 | 01155cam a22003375a 4500 | ||
|---|---|---|---|
| 001 | 16799363 | ||
| 003 | OSt | ||
| 005 | 20140310182900.0 | ||
| 008 | 110526s2010 ph a b 001 0 eng | ||
| 010 | _a 2011308066 | ||
| 020 | _a9789715506175 | ||
| 040 |
_aDLC _cDLC _dDLC |
||
| 042 | _alcode | ||
| 043 | _aa-ph--- | ||
| 050 |
_aBF311 _bB933 2010 |
||
| 082 |
_aFIL 153 _bB933 2010 |
||
| 100 | 1 | _aBulatao, Jaime C. | |
| 245 | 1 | 0 |
_aConsciousness mapping : _bexploring your relationships through the star matrix / _cBulatao, Jaime C. , Dans-Lopez, Gilda |
| 260 |
_aQuezon City : _bAteneo de Manila University Press, _cc2010. |
||
| 300 |
_axvi, 130 p. : _bill. ; _c23 cm. + _e1 CD-ROM. |
||
| 504 | _aIncludes bibliographical references and index. | ||
| 521 | _aCollege Student | ||
| 526 | _c1210L-1700L | ||
| 541 | _j1 | ||
| 562 | _eFor circulation. 1 copy available in the collection | ||
| 700 | 1 | _aLopez, Gilda Dans- | |
| 856 | 4 | 1 |
_3Table of contents only _uhttp://www.loc.gov/catdir/toc/fy12pdf01/2011308066.html |
| 906 |
_a7 _bpar _corigode _d3 _encip _f20 _gy-gencatlg |
||
| 942 |
_2lcc _cBK _kFIL |
||
| 999 |
_c17081 _d17081 |
||